02016agaaa2200325 45000010005000000030009000050050017000140070009000310080040000400400023000800410013001031000050001161300036001662450148002022500022003502600125003723000034004975080110005315110076006415200420007175380016011375460013011536500063011667000064012297000062012937000064013559420012014199990019014319520240014503706IT-RoPAU20220918181236.0d cvaizq50131s9999||||xx ||| | || ||und|| aIT-RoPAUcIT-RoPAU aITALIANO aWenders WimgCodice regista SPICS: 499943316 aCIELO SOPRA BERLINO (IL)943317 aCIELO SOPRA BERLINO (IL)cProdotto da: Windisch Ingrid Diretto da: Wenders WimpCIELO SOPRA BERLINO (IL) (Rif. Codice opera principale : 83706) aEdizione Standard aPARIGI - BERLINO ()bARGOS FILMS - ROAD MOVIES / Distribuzione: RAI TREg"1987 (1° ed.: 1989 ; Ed. Lingua Orig.: 1987)" aVHSbsonoro, col.c130 minuti a"Fotografia: Alekan Henri; Montaggio: Przygodda Peter; Musica: Knieper Jurgen; Scenografia: Ludi Heidi; " a"Ganz Bruno; Sander Otto; Falk Peter; Dommartin Solveig; Harder Teresa" aDALLA FINE DELLA SECONDA GUERRA MONDIALE DUE ANGELI DAMIEL E CASSIEL SVOLGONO LA LORO MISSIONE AGGIRANDOSI PER BERLINO E ASCOLTANDO I PENSIERI LIETI E TRISTI DELLE PERSONE CHE INCONTRANO E CHE LORO VEDONO SOLO IN BIANCO E NERO MA DAMIEL PIU' PARTECIPE DELL'ALTRO ALLE ANSIE E ALLE GIOIE DEGLI UMANI SENTE PROFONDAMENTE L'ATTTRAZIONE DELLA CITTA' E DELLA GENTE COSI' SI INNAMORA DELLA TRAPEZISTA MARION FILM A COLORI aPAL, STEREO aITALIANO aFANTASTICOeFILMS [VHS]xCodice MATERIA SPICS: 9960943318 aKnieper Jurgene(musica)gCodice Musica SPICS: 29532943319 aWenders Wim e(regista)gCodice regista SPICS: 499943320 aWenders Wim e(soggetto)gCodice Soggetto SPICS: 499943321 cVH2ddc c105778d105778 001040683706_00000000000000071aSPICSbSPICSd2015-01-31l0o83706r2015-01-31 00:00:00w2015-01-31yVHzProgr. Ins.: 2652 / N.Vol.:1 / Copie: 1 / Pag.:0 / Copia rara: n.d. / date import: 1.2.2015 / By Epidotti, Trombetti, Vaglietti